000 00429nmm a2200145Ia 4500
008 251105s9999||||xx |||||||||||||||||und||
041 _aspa
100 _aAnwandter, Paul
245 0 _aCoaching Integral ICI en los Negocios
264 _a[Santiago de Chile, Chile] :
_bPatagonia,
_c2010
300 _a85 páginas
650 _aEconomics and Business
856 _uhttps://public.digitaliapublishing.com/a/23653
942 _cCF
999 _c104365
_d104365